02160cam a2200529 i 4500001001200000003000600012005001700018008004100035020003800076020004200114020004200156020004600198035002200244035002300266040006600289045001700355046000900372100004200381245012300423260018100546300005700727336002700784337005400811338002800865380001600893380002300909388001000932490003100942504001200973600003900985600004101024610005001065610005401115648001901169648001501188650003601203650003301239651002501272651003001297651001601327655001901343658001301362658002801375710010601403710009001509830003101599xx004846904NUKAT20260427131405.0200422s2019 pl a g |001 0dpol c a9788380906969q(wersja drukowana) a9788380906976q(wersja elektroniczna) a9788380988118q(wersja drukowana IPN) a9788380988125q(wersja elektroniczna IPN) a(OCoLC)1153291905 a(NUKAT)xx004846904 aKAT U/AMbpolerdacKAT U/AMsdKAT U/AMdKR 253/MHdWA 14/ABs2 bd1913bd2013 k20191 aJagodzińska, Annad(1951- ).eAutor10aKustosz pamięci :bksiądz Leon Stępniak (1913-2013) więzień Dachau i Mauthausen-Gusen /cAnna Jagodzińska. aWarszawa :bWydawnictwo Naukowe Uniwersytetu Kardynała Stefana Wyszyńskiego :bInstytut Pamięci Narodowej - Komisja Ścigania Zbrodni przeciwko Narodowi Polskiemu,c2019. a436 stron, [16] stron tablic :bilustracje ;c25 cm. aTekstbtxt2rdacontent aBez urządzenia pośredniczącegobn2rdamedia aWoluminbnc2rdacarrier aKsiążki aPublikacje naukowe1 a2001-1 aW Służbie Niepodległej aIndeks.17aStępniak, Leond(1913-2013)2DBN17aStępniak, Leond(1913-2013).2kaba27aDachau (niemiecki obóz koncentracyjny)2DBN27aMauthausen (niemiecki obóz koncentracyjny)2DBN 7a1901-20002DBN 7a2001-2DBN 7aDuchowieństwo katolickie2DBN 7aWięźniowie obozów2DBN 7aDachau (Niemcy)2DBN 7aMauthausen (Austria)2DBN 7aPolska2DBN 7aBiografia2DBN aHistoria aReligia i duchowość2 aInstytut Pamięci Narodowej - Komisja Ścigania Zbrodni przeciwko Narodowi Polskiemu.eWydawca4pbl2 aUniwersytet Kardynała Stefana Wyszyńskiego (Warszawa).bWydawnictwo.eWydawca4pbl 0aW Służbie Niepodległej